| 000 | 00602nam a22001937a 4500 | ||
|---|---|---|---|
| 999 |
_c246 _d246 |
||
| 003 | AR-CdUCM | ||
| 008 | 190222b ||||| |||| 00| 0 spa d | ||
| 040 |
_aMUNICIPALIDAD PROVINCIAL DEL CUSCO _cBIBLIOTECA MUNICIPAL DEL CUSCO |
||
| 082 |
_a869.56 / _bSE36 |
||
| 100 |
_aSegovia Saavedra, Edwin _91066 |
||
| 245 | _aEorindari, al sur del paraíso / | ||
| 260 |
_aLima : _bHude & mihans print, _c1999. |
||
| 300 |
_a241 páginas ; _c21 cm. |
||
| 650 |
_aMadre de Dios _91067 |
||
| 650 |
_aEmperador del Acre _91068 |
||
| 650 |
_aMadeira - Mamoré _91069 |
||
| 942 |
_2ddc _cLIBROS |
||
| 945 |
_aafb _d2019-02-22 |
||